Central Library OPAC University of Rajshahi
Normal view MARC view

Entry Personal Name

Number of records used in: 1

001 - CONTROL NUMBER

  • control field: 343

003 - CONTROL NUMBER IDENTIFIER

  • control field: BD-RjUL

005 - DATE AND TIME OF LATEST TRANSACTION

  • control field: 20211223134511.0

008 - FIXED-LENGTH DATA ELEMENTS

  • fixed length control field: 211223|| aca||aabn | a|a d

040 ## - CATALOGING SOURCE

  • Original cataloging agency: BD-RjUL
  • Transcribing agency: BD-RjUL

100 ## - HEADING--PERSONAL NAME

  • Personal name: Mālik ibn Anas,
  • Dates associated with a name: -795.
  • Title of a work: Muwaṭṭaʼ

670 ## - SOURCE DATA FOUND

  • Source citation: Work cat.: (BD-RjUL)79056: مالك بن انس، م. 795 342, موطا الامام مالك ;; Mota Imam Malik /, ١٩٩١، ١٤١٢ هج.